Profesionálna etika

Bibliographic Details
Main Authors: Šinka, František (Author), Beljakova, Galina Ivanovna (Author)
Format: Article
Language:Slovak
Subjects:

MARC

LEADER 00000nab a2200000 a 4500
001 vtls000013613
003 SK-MaSNL
005 20260305022705.0
008 111103c1978 xo 0 slo
015 |a SNBRB19rr/mm-uuuuu 
035 |a CL0023707 
040 |a SNKBUCL  |b slo  |c SNKBUCL  |e AACR2 
041 0 |a slo 
044 |a xo  |c SK 
080 |a 17  |2 1981 
100 1 |a Šinka, František  |4 aut  |9 5105 
245 1 0 |a Profesionálna etika  |c František Šinka ; Galina Ivanovna Beljakova 
650 0 7 |a etika  |2 snkbucl  |9 792 
655 7 |a články z novín a časopisov  |2 snkbucl  |9 267496 
700 1 |a Beljakova, Galina Ivanovna  |4 aut  |9 1600375 
773 0 |t Osveta  |g Roč. 22, č. 8 (1978), s. 55-56 
787 0 8 |i Rec.:  |a Beljakova, Galina Ivanovna  |t Profesionální etika  |d Praha : Horizont, 1977 
850 |a Slovenská národná knižnica v Martine  |a MTA001 
852 |a SNK  |b KIS3GCP 
958 |a RK 
992 |a RBX 
999 |c 3292239  |d 3294169